Formule 1 - Pilotes de 2026 - Statistiques

Statistiques générales
  • Ce quiz a été pris 168 fois
    75 depuis la dernière actualisation
  • Le résultat moyen est 21 sur 22
Statistiques - réponses
Hint Réponse % Correct
Ferrari Charles Leclerc
100%
Haas Esteban Ocon
100%
Aston Martin Fernando Alonso
100%
Red Bull Isack Hadjar
100%
McLaren Lando Norris
100%
Ferrari Lewis Hamilton
100%
Red Bull Max Verstappen
100%
McLaren Oscar Piastri
100%
Alpine Pierre Gasly
100%
Williams Carlos Sainz
98%
Alpine Franco Colapinto
98%
Mercedes George Russell
98%
Aston Martin Lance Stroll
98%
Racing Bulls Liam Lawson
98%
Audi Nico Hülkenberg
98%
Cadillac Valterri Bottas
98%
Williams Alexander Albon
97%
Mercedes Andrea Kimi Antonelli
97%
Cadillac Sergio 'Checo' Perez
97%
Audi Gabriel Bortoleto
95%
Haas Oliver Bearman
95%
Racing Bulls Arvid Lindblad
75%
Aucun quiz correspondant
Distribution des résultats
% des personnes avec chaque résultat
Percentile par nombre de réponses
Votre historique - résultats
Vous n’avez pas pris ce quiz depuis la dernière actualisation